| 000 | 01119nam a2200265 a 4500 | ||
|---|---|---|---|
| 005 | 20160517122010.0 | ||
| 008 | 140314b2001 ck ||||| |||| 00| 0 spa d | ||
| 040 |
_aCO-BoIAVH _cCO-BoIAVH |
||
| 041 | _aspa | ||
| 044 | _ack | ||
| 090 |
_aLB _b03852 |
||
| 100 |
_aGranados, Jorge H. _941287 |
||
| 110 |
_947093 _aCorporación Autónoma Regional del Valle del Cauca - CVC _bCorporación Autónoma Regional del Valle del Cauca |
||
| 245 |
_aFormulación del plan de gestión ambiental para los sistemas productivos rurales del Valle del Cauca, mediante la determinación de su capacidad de sostenibilidad y competitividad, en el marco del diseño de una política rural y ambiental, de mediano y largo plazo _bversión 6 |
||
| 260 |
_aCali _bCVC _bCORPOICA _c2001 |
||
| 300 | _a70 P. | ||
| 650 |
_aCaña Panelera _94209 |
||
| 650 |
_aSeguridad Alimentaria _91807 |
||
| 650 |
_aOrdenamiento Territorial _941288 |
||
| 650 |
_aEconomía Ambiental _941289 |
||
| 700 |
_aGarcía, Alonso _941290 |
||
| 710 |
_aCorporación Colombiana de Investigación Agropecuaria _93881 |
||
| 942 |
_cINFORME _2z _01 |
||
| 945 | _d2004-10-05 | ||
| 999 |
_c4167 _d4167 |
||